Animaux en ab, ac, ad, ae… - az - Statistiques

Statistiques générales
  • Ce quiz a été pris 65 fois
    60 depuis la dernière actualisation
  • Le résultat moyen est 5 sur 18
Statistiques - réponses
Animaux en… Animaux % Correct
AB Abeille | abalone | ablette | aboma
88%
AN Âne | antilope | anaconda | anémone | ange de mer | anchois
69%
AU Autruche | auroch
62%
AR Ara | araignée | argonaute | arapaïma | arénicole
56%
AL Albatros | alpaga | alouette | alligator | alose
54%
AI Aigle | aigrette
50%
AX Axolotl
31%
AG Agneau | agouti | agame
23%
AY Aye-aye
17%
AT Atlas | atèle | atlante | athérine
15%
AK (espèce de chien) Akita
13%
AS Asticot | ascaris | aspic | aselle | astronotus | astérie
13%
AD Addax | adélie
4%
AM Amibe | amphipode | аmur | ammodyte
4%
AP Aplysie | apteryx
2%
AC Achigan | acrobate
0%
AE (chèvre sauvage) Aegagre
0%
AO Aoudad | aonyx
0%
Aucun quiz correspondant
Distribution des résultats
% des personnes avec chaque résultat
Percentile par nombre de réponses
Votre historique - résultats
Vous n’avez pas pris ce quiz depuis la dernière actualisation